| 000 | 01024cam a2200265 i 4500 | ||
|---|---|---|---|
| 003 | SA-RiAUC | ||
| 005 | 20251006093144.0 | ||
| 008 | 251005s1998 ua g f000 0 ara c | ||
| 040 |
_aEG-CaDAJ _bara _cSA-RiAUC _erda |
||
| 043 | _an-us--- | ||
| 082 | 0 | 4 |
_a820.973 _qSA-RiAUC |
| 090 |
_a820.973 _bع و ض |
||
| 100 | 1 |
_aعوض، رمسيس، _d1929- _eمؤلف. |
|
| 245 | 1 | 2 |
_aاليهود والأدب الأمريكي المعاصر / _cرمسيس عوض. |
| 264 | 1 |
_a[القاهرة] : _bدار الهلال، _c1998 |
|
| 300 |
_a250 صفحة.؛ _c17 سم |
||
| 336 |
_aنص _btxt _2rdacontent _3كتاب |
||
| 337 |
_aبدون وسيط _bn _2rdamedia |
||
| 338 |
_aمجلد _bnc _2rdacarrier |
||
| 490 | 0 |
_aكتاب الهلال ؛ _v575 |
|
| 650 | 7 |
_aاليهود في الأدب الإنجليزي _zالولايات المتحدة الأمريكية _2aucsh |
|
| 650 | 7 |
_aالأدب الأمريكي _xتاريخ ونقد _yقرن 20 _2aucsh |
|
| 942 |
_2ddc _cBOOK _n0 |
||
| 949 |
_aSA-JeALM _d251005 _umohamedma123 _n1 |
||
| 999 |
_c12431 _d12431 |
||